000 00976nam a2200229 i 4500
001 156887
003 ES-MaACL
005 20250806070429.0
008 020924s1879 sp |||| | spa d
040 _aCCPB | B
_bspa
_cCCPB | B
100 1 _aLagardelle, Firmin.
_9128588
245 1 0 _aConferencias clínicas sobre las enfermedades mentales /
_cpor Lagardelle.
260 _aMadrid :
_b[s.n.],
_c1879 (
_fImprenta de Enrique Teodoro)
300 _a88, [4] p. ;
_c23 cm.
490 1 _aBiblioteca Económica de Medicina y Cirujía
530 _aDisponible también en sitio web.
650 7 _aEnfermedades mentales
_2embne
_912263
830 0 _aBiblioteca económica de medicina y cirujía
_9186248
852 _aES-MaACL
_jB-12699(9)
_z-- Enc. pasta española
_z-- Enc. en un vol. facticio
856 _uhttp://bibliotecadigitalhispanica.bne.es:80/webclient/DeliveryManager?pid=1849526&custom_att_2=simple_viewer
_zIr a la página
999 _c156887
_d156887